00747nam a2200205Ia 4500008004100000020001500041050002100056100003600077245006800113250001900181260003500200300002200235336001000257337001400267338001200281500004800293504004200341505012900383650002900512120720t19721993mx 000 0 spa d a9682316669 aHF1007bT65 199310aTorres Gaytán, Ricardoeautor10aTeoría del comercio internacionalc / Ricardo Torres Gaytán a18a. edición aMéxicob : Siglo XXIc, 1993 axi, 467 páginas atexto asin medio avolumen aIncluye: índice analítico (pp. 451-467) aIncluye: bibliografía (pp. 447-450) aTeoría pura del comercio internacional Aspectos monetarios del comercio internacional Economía nacional y sector externo14aFINANZAS INTERNACIONALES